[Event "Linares 09th"]
[Site "Linares"]
[Date "1991.??.??"]
[Round "12"]
[White "Ivanchuk, Vassily"]
[Black "Gelfand, Boris"]
[Result "1-0"]
[WhiteElo "2695"]
[BlackElo "2700"]
[Annotator "Anand,V"]
[PlyCount "35"]
[EventDate "1991.02.??"]
[EventType "tourn"]
[EventRounds "13"]
[EventCountry "ESP"]
[EventCategory "17"]
[SourceTitle "CBM 022"]
[Source "ChessBase"]
[SourceDate "1991.06.01"]
[SourceVersion "1"]
[SourceVersionDate "1991.06.01"]
[SourceQuality "1"]

1. d4 Nf6 2. c4 g6 3. Nf3 Bg7 4. g3 O-O 5. Bg2 d5 6. O-O (6. cxd5 Nxd5 7. O-O
Nb6 8. Nc3 Nc6 {Ivanchuk-Gelfand Tilburg 1990}) 6... dxc4 7. Na3 c3 8. bxc3 c5
9. e3 Nc6 10. Qe2 (10. Bb2 Bf5 11. Qe2 Be4) 10... Qa5 11. Bb2 Nd5 {Gelfand is
repeating Holzl-Mikhalchishin Budapest 1990} 12. Rac1 b6 13. Nd2 e6 14. Nb3 $1
{N. I don't know if Ivanchuk had prepared this or just played natural moves at
the board but black is now worse} (14. e4 Ba6 15. Ndc4 Nde7 16. e5 Qa4 {
is the aforementioned game}) 14... Qa6 15. c4 Ndb4 (15... Nde7 16. dxc5 $16)
16. Nb5 Qa4 $4 (16... Qxa2 17. Rc3 Qa6 18. Nc7 Qb7 19. Nxa8 Qxa8 20. dxc5 $16)
17. Nc3 Qa6 18. a3 1-0

[Event "Paracin Summer op-A 11th"]
[Site "Paracin"]
[Date "2018.07.10"]
[Round "5"]
[White "Ikeda, Junta"]
[Black "Atalik, Suat"]
[Result "1/2-1/2"]
[WhiteElo "2437"]
[BlackElo "2509"]
[Annotator "Atalik,S"]
[PlyCount "97"]
[EventDate "2018.07.06"]
[EventType "swiss"]
[EventRounds "9"]
[EventCountry "SRB"]
[SourceTitle "CBM 186"]
[Source "ChessBase"]
[SourceDate "2018.09.14"]
[SourceVersion "1"]
[SourceVersionDate "2018.09.14"]
[SourceQuality "1"]

1. Nf3 Nf6 2. g3 g6 3. Bg2 Bg7 4. O-O O-O 5. d4 d5 6. c4 dxc4 7. Na3 c5 8. dxc5
c3 9. Nb5 Na6 10. Nxc3 Nxc5 11. Be3 Nfe4 12. Nxe4 Nxe4 13. Bd4 Bxd4 14. Qxd4
Qxd4 15. Nxd4 Nd6 16. Rac1 Rd8 17. f4 Bg4 $5 $146 (17... Kf8 18. Rfd1 {is my
game with Jovana Rapport from Belgrade some days before this one.} (18. Kf2
$142)) 18. h3 Bd7 19. Rc7 Rab8 (19... Kf8 20. Rfc1) 20. Rfc1 Kf8 21. Kf2 (21.
b3 a6) 21... Ke8 22. e4 Nb5 $1 23. Nxb5 (23. Rxd7 $2 Rxd7 24. Nxb5 Rd2+ 25. Kf3
Rxb2 $17 {could only be better for Black.}) 23... Bxb5 24. R1c2 Bd3 (24... Bc6
25. e5 Bxg2 26. Kxg2 Rd3 $11) 25. R2c3 Bb1 (25... Ba6 $5) 26. Ke3 Bxa2 27. Ra3
Be6 (27... Bb1 $4 28. Rc1) 28. Rxa7 Rd7 (28... Rd1 $2 29. Rcxb7 Rbd8 30. Rxe7+
Kf8 31. f5 $18) 29. Rxd7 Kxd7 (29... Bxd7 30. Bf1 Kd8 31. b4 Kc7 32. Ra5) 30.
e5 Kc7 31. g4 Bd7 32. Ra3 Bc6 (32... f6 $5) 33. Bxc6 bxc6 34. Ra7+ Kd8 35. f5
$1 $11 gxf5 (35... g5 $5) 36. gxf5 Rxb2 (36... f6 37. exf6 exf6 38. Rxh7 Rxb2
$11) 37. Ra8+ Kc7 38. Rf8 f6 (38... Rb3+ 39. Ke4 Rxh3 40. Rxf7 Rh4+ 41. Ke3 Kd8
42. e6 $11) 39. exf6 exf6 40. Rxf6 Rb3+ 41. Kd4 Rxh3 42. Kc5 Kd7 43. Rf7+ Ke8
44. Rc7 h5 (44... Rh5 45. Kd6 $11) (44... Rh6 45. Rxc6 Rxc6+ 46. Kxc6 $11) 45.
Kd6 Re3 (45... Rd3+ 46. Ke6 Re3+ 47. Kf6 h4 48. Rxc6 h3 $11) 46. Rh7 c5 47.
Kxc5 Rd3 (47... Re5+ 48. Kd6 Rxf5 49. Ke6 Rf1 50. Rh8+ Rf8 51. Rxh5 $11) 48.
Kc4 Rd1 49. Rxh5 1/2-1/2

[Event "Belgrade Summer GM 1st"]
[Site "Belgrade"]
[Date "2018.06.27"]
[Round "4"]
[White "Rapport, Jovana"]
[Black "Atalik, Suat"]
[Result "0-1"]
[WhiteElo "2358"]
[BlackElo "2512"]
[Annotator "Atalik,S"]
[PlyCount "136"]
[EventDate "2018.06.25"]
[EventType "tourn"]
[EventRounds "9"]
[EventCountry "YUG"]
[EventCategory "7"]
[SourceTitle "CBM 186"]
[Source "ChessBase"]
[SourceDate "2018.09.14"]
[SourceVersion "1"]
[SourceVersionDate "2018.09.14"]
[SourceQuality "1"]

1. Nf3 d5 2. g3 g6 3. Bg2 Bg7 4. d4 Nf6 5. O-O O-O 6. c4 dxc4 (6... c5 $5) (
6... Nc6 7. cxd5 Nxd5 8. e4 Nb6 9. d5 Na5 10. Nc3 c6 11. Bf4 $1 {may be a
theoretical problem these days.} (11. Bg5 h6 12. Bf4)) 7. Na3 c5 (7... Nc6 8.
Nxc4 Be6 9. b3 Bd5 10. Bb2 a5) (7... c3 8. bxc3 c5) 8. dxc5 c3 9. Nb5 Na6 10.
Nxc3 Nxc5 11. Be3 (11. Bf4 Qb6) 11... Nfe4 12. Nxe4 Nxe4 13. Bd4 Bxd4 14. Qxd4
Qxd4 15. Nxd4 Nd6 $1 (15... Rd8 16. Rfd1 Nd6 17. Nb5 Bg4 18. Nxd6 Rxd6 19. Rxd6
exd6 20. Rc1 Rc8 21. Rxc8+ Bxc8 $14 {is unnecessarily passive.}) 16. Rac1 Rd8
17. f4 Kf8 (17... Bg4 $5) 18. Rfd1 $146 (18. Kf2 Bg4 19. h3 Bd7 20. e4 Nb5 $1
$11 (20... Rac8 21. Rxc8 Rxc8 22. Rd1 Nb5)) 18... Bg4 19. h3 Bd7 20. Rc7 Ke8 $1
(20... Nb5 21. Rxb7) (20... Ba4 21. b3 Nb5 22. Rc4) 21. Rdc1 (21. Bxb7 Nxb7 22.
Rxb7 Bxh3) 21... Rdc8 $1 {Keeps in hand Kd8 so should be preferred} ({to} 21...
Rac8) 22. Rxc8+ (22. e4 Kd8 23. Rxc8+ Rxc8 24. Rxc8+ Kxc8 25. e5 Nb5 26. Nxb5
Bxb5 $11) 22... Rxc8 23. Rxc8+ Bxc8 24. Kf2 f6 $1 {I really thought that after
this very move everything may happen over the board.} 25. g4 e5 26. fxe5 fxe5
27. Nc2 (27. Nf3 Nf7 $5 (27... Be6 28. Nxe5 Bxa2 29. Ke3 $13)) 27... Be6 28.
Nb4 g5 (28... a5 29. Nd5 Bxd5 30. Bxd5 g5 $11) 29. b3 Kf7 30. Nd3 (30. Nd5 Bxd5
31. Bxd5+ $11) 30... Kf6 31. Nc5 (31. Ke3 $11) 31... b5 $5 32. Ne4+ (32. a3 a5
33. b4 axb4 (33... a4 34. Bc6) 34. axb4 $11) (32. Nxe6 Kxe6 33. Ke3 (33. b4 e4)
33... b4 34. Bc6 Ke7 {and with his pawn on b3 Black has some chances too.})
32... Nxe4+ 33. Bxe4 h6 34. Bc6 b4 35. Bf3 $6 ({She misses the chance to close
the position with} 35. e4 $1 h5 (35... Ke7 36. Bb5 Kd6 37. Ke3 Kc5 38. Bd3 $11)
36. Kf3 h4 37. Bb5 Ke7 38. Ke3 Kd6 39. Be2 Kc5 40. Bf1 a5 41. Bd3 a4 42. Bc2
Bc8 43. Bd3 $11) 35... e4 $3 {Even if this does not win the game it is
absolutely the only move.} (35... a5 36. e4 (36. Be4) 36... a4 37. Bd1 a3 $11)
36. Bxe4 Ke5 37. Ke3 Bd7 38. Bb7 a5 39. Bg2 Be8 (39... a4 40. bxa4 Bxa4 41. Be4
Bd7 (41... Be8 42. Bc2 h5 43. gxh5 Bxh5 44. Bb3 $11) 42. Bc2 $11) 40. Kd2 $6 (
40. Be4 h5 41. gxh5 Bxh5 42. Bd3 Be8 43. Kf3 Bd7 44. Kg3 Kd4 45. h4 gxh4+ 46.
Kxh4 Kc3 47. Kg5 Kb2 48. e4 Kxa2 49. Bc4 $11) 40... Kf4 41. e3+ $2 {The losing
mistake!} (41. Bf3 Kg3 42. Kd3 Kxh3 43. e4 Kg3 44. Ke3 h5 (44... Bd7 45. e5 $1)
45. gxh5 g4 46. Bxg4 Kxg4 47. h6 Bg6 48. Kd4 $11) 41... Kg3 42. Be4 (42. Bf1
Bc6) 42... Bb5 $1 $19 (42... Kxh3 $2 43. Bf5) 43. Bd3 Bxd3 (43... Bc6 44. Bf5
Bg2 45. Kd3 Bxh3 46. e4 Bxg4 47. Bxg4 Kxg4 48. Kd4 {runs into the same ending
we reached in the game.}) 44. Kxd3 Kxh3 45. e4 Kxg4 46. Kd4 h5 (46... Kh5 $2
47. Kd5 $1 (47. Ke5 $4 g4 48. Kf4 g3 $19) 47... g4 48. e5 g3 49. e6 g2 50. e7
g1=Q 51. e8=Q+ $11) 47. e5 Kf5 48. Kd5 h4 49. e6 h3 50. e7 h2 51. e8=Q h1=Q+
52. Kc5 Qb7 $1 $19 {White's king should go further than the c-file.} 53. Qh5
Qe7+ $2 (53... Qd7 $1 54. Kb6 Qd5 {is the way to proceed.}) 54. Kb5 $11 Qe5+
55. Ka4 Qc5 (55... Qd5 $142) 56. Qf3+ Ke6 57. Qh5 $2 {The black king should
not be allowed to the queenside either.} ({White forgets about the stalemating
trick.} 57. Qa8 $142 Ke5 58. Qb8+ Kd4 59. Qg3 Qe5 60. Qg4+ Kc3 61. Qf3+ Kb2 62.
Qg2+ Ka1 63. Qh1+ Kxa2 64. Qb1+ $1 $11) 57... Kd6 $1 $19 58. Qh8 Kc7 59. Qg8
Kb7 60. Qh8 g4 (60... Qd5 $1 $19 {steals the important g8-square.}) 61. Qg8 Qf5
62. Qg7+ Kc8 (62... Kc6 63. Qh6+ Kc7) 63. Qg8+ Kd7 64. Qg7+ Kd8 65. Qg8+ Kd7
66. Qg7+ Kd6 67. Qh6+ (67. Qd4+ Kc6 68. Qc4+ Kb7 69. Qg8 Qf3 70. Kxa5 g3 $19)
67... Kc7 (67... Qe6 $142) 68. Qg7+ $2 ({Black had to sweat more in mutual
time trouble.} 68. Qh2+ Kd7 69. Qb8 Qc2 70. Qb7+ Kd6 71. Qb8+ Qc7 72. Qh8 (72.
Qg8 Qc6+ 73. Kxa5 Qd5+) 72... Kc6 $1 $19) 68... Qd7+ $1 0-1

[Event "Olympiad-29"]
[Site "Novi Sad"]
[Date "1990.11.21"]
[Round "5"]
[White "Nikolic, Predrag"]
[Black "Schmidt, Wlodzimierz"]
[Result "1-0"]
[WhiteElo "2600"]
[BlackElo "2455"]
[Annotator "Banas,J"]
[PlyCount "69"]
[EventDate "1990.11.17"]
[EventType "team-swiss"]
[EventRounds "14"]
[EventCountry "YUG"]
[SourceTitle "TD"]
[Source "ChessBase"]
[SourceDate "1994.03.01"]
[SourceVersion "1"]
[SourceVersionDate "1994.03.01"]
[SourceQuality "1"]
[WhiteTeam "Yugoslavia"]
[BlackTeam "Poland"]
[WhiteTeamCountry "YUG"]
[BlackTeamCountry "POL"]

1. d4 Nf6 2. c4 g6 3. g3 Bg7 4. Bg2 d5 5. Nf3 dxc4 6. Na3 $1 c3 7. bxc3 O-O 8.
O-O c5 9. e3 {Portisch, Adorjan} Nc6 10. Bb2 (10. Qe2 Qa5 (10... e5 $2 11. Nxe5
Nxe5 12. dxe5 Nd5 13. f4 $18) 11. Bb2 Nd5 $5 $132) 10... Bf5 11. Qe2 Be4 (11...
Qa5 12. Nd2 $5 $36) 12. Rfd1 $5 (12. Nc4 {(P cd2)} Na5 (12... Bd5 13. Rfd1 Qc7
$13 {Stempin-Schmidt,W, Polska 1990}) 13. Ncd2 Bc6 14. Ba3 cxd4 15. cxd4 Ne4 {
Voiska-Peng, Azov izt 1990}) 12... cxd4 $6 (12... Qa5 $5 $13) 13. exd4 $1 $14 (
13. cxd4 {(P h3, d2)} Qb6 14. Nc4 Qa6 15. Bf1 Na5 16. Nfd2 Bc6 $10) 13... Qa5
14. c4 e6 15. Nb5 Rfd8 16. a4 {P c3} Bxf3 $8 (16... Rd7 17. Bc3 Qd8 18. Ne5 $1
$18) 17. Bxf3 Rd7 18. d5 $1 exd5 19. cxd5 Ne7 (19... Re8 $2 20. dxc6 $18) 20.
d6 Nf5 (20... Nc6 21. Bc3 Qd8 22. Rab1 $16) 21. Rab1 Qd8 $2 (21... Qxa4 22. Ra1
Qb4 (22... Qb3 23. Nc7 Rad8 24. Rdb1 $18 {P f6}) 23. Ba3 Qa5 24. Bc5 Qd8 25.
Nc7 $16) (21... a6 $1 $132) 22. Be5 $16 Ne8 23. Bf4 Nfxd6 $2 (23... g5 24. Bg4
Qf6 25. Rd5 gxf4 26. Bxf5 Rdd8 27. d7 $18) (23... a6 24. Nc7 Nd4 (24... Rb8 $2
25. Nxe8 Qxe8 26. Rxb7 $18) 25. Rxd4 Bxd4 26. Nxa8 Qxa8 27. Qe4 Bg7 28. Qd5 $1
$16) 24. Nxd6 Nxd6 25. Qd2 $18 Bf8 26. Bg4 f5 27. Qd5+ Kh8 28. Bf3 h6 29. Qe6
Qe8 (29... Kh7 30. Bxd6 Bxd6 31. Rxd6 Rxd6 32. Rxb7+) 30. Rxd6 $1 Bxd6 31. Qf6+
Kh7 32. Bxd6 Rad8 33. Rxb7 $1 Qh8 34. Qxh8+ Kxh8 35. Bc7 1-0

[Event "YUG-ch"]
[Site "Novi Sad"]
[Date "1995.??.??"]
[Round "?"]
[White "Drasko, Milan"]
[Black "Popovic, Petar"]
[Result "1-0"]
[WhiteElo "2510"]
[BlackElo "2545"]
[Annotator "Belov,I"]
[PlyCount "79"]
[EventDate "1995.02.??"]
[EventType "tourn"]
[EventRounds "17"]
[EventCountry "YUG"]
[EventCategory "10"]
[SourceTitle "CBM 048"]
[Source "ChessBase"]
[SourceDate "1995.10.01"]
[SourceVersion "1"]
[SourceVersionDate "1995.10.01"]
[SourceQuality "1"]

1. d4 Nf6 2. c4 g6 3. Nf3 Bg7 4. g3 d5 5. Bg2 dxc4 6. Na3 c3 7. bxc3 O-O 8. O-O
c5 9. e3 Nc6 10. Qe2 Bf5 11. Rd1 $5 (11. Bb2 e5 (11... Qa5 12. Rfc1 (12. Nd2
cxd4 13. cxd4 Rfd8 14. e4 Bg4 15. f3 Nxd4 $1 {Ftacnik/}) 12... Be4 13. Nc4 Qa6
14. Bf1 Bd5 15. Nfd2 Rfd8 $10 {Gulko,B-Kudrin,S/USA-ch/1990/0,5/40/}) 12. Nc4
e4 $5 (12... exd4 13. cxd4 cxd4 14. Nxd4 Nxd4 15. Bxd4 Qe7 $10 {Bandza,
A-Ivanov,Se/Katowice/1993/0,5/29/}) 13. Nfe5 Nxe5 14. Nxe5 h5 15. f3 exf3 16.
Bxf3 Be4 $13 {Boensch,V-Hoffmann,M/Lippstadt/1994/0:1/55/}) 11... Be4 12. Bb2
cxd4 (12... Qa5 $5) 13. exd4 $1 (13. cxd4 Qb6 14. Nc4 Qa6 15. Bf1 Na5 $10)
13... e6 (13... Qa5 14. c4 e6 15. Nb5 Rfd8 16. a4 Bxf3 17. Bxf3 Rd7 18. d5 $1
exd5 19. cxd5 $16 {Nikolic,Pr-Schmidt,Wl/Novi Sad olm/1990/1:0/35/}) 14. c4 Re8
15. Ne5 $14 Bxg2 16. Kxg2 Rc8 17. f4 a6 18. Qf3 Nd7 $5 (18... Qe7 19. Nc2 (19.
d5 exd5 20. cxd5 Nxe5 21. fxe5 Nd7 22. d6 Qe6 $13) 19... Red8 20. Ne3 $14) 19.
Rab1 (19. Rac1 $5 Ndxe5 (19... Qe7 20. c5 Ndxe5 21. fxe5 Red8 22. Nc4 Nb4 23.
Nd6 Rc7 24. Qb3 $16) 20. fxe5 b6 21. Nb1 f6 22. exf6 Qxf6 $14) 19... Ncxe5 20.
fxe5 b6 21. Rbc1 Qc7 (21... f6 $5) 22. Nb1 f6 23. exf6 Bxf6 24. Nd2 Bg7 25. Ne4
Rf8 26. Qe2 Rf5 27. Ba3 (27. d5 Bxb2 28. Qxb2 Qe5 29. Qxe5 Rxe5 $10) 27... Bf8
28. Nd6 $1 Bxd6 29. Qxe6+ Rf7 30. Qxd6 (30. Bxd6 Qb7+ 31. d5 Nf6 $132) 30...
Qxd6 31. Bxd6 Rf6 32. Bf4 Rfc6 33. c5 $1 bxc5 34. d5 Rb6 35. Rb1 $1 Rb5 $1 (
35... Rxb1 $2 36. Rxb1 c4 37. Rb7 Nc5 (37... Nf8 38. Be5 $18) (37... Nf6 38. d6
Rd8 39. Kf3 c3 40. Rc7 Ne8 41. Rxc3 Nxd6 42. Rc6 $16) 38. Ra7 Nd3 39. Bh6 c3
40. d6 c2 41. Rg7+ Kh8 42. Rc7 Rd8 43. d7 $18) 36. Re1 (36. a4 Rb4) 36... c4 (
36... Kf7 37. Bd6 (37. d6 Rxb1 38. Rxb1 Ke6 39. Rb6 c4 40. Rxa6 c3 $132) (37.
d6 Rxb1 38. Rxb1 Ke6 39. Rb6 c4 40. Rxa6 c3 $132) (37. Rxb5 axb5 38. d6 $2 Re8
$15) 37... Re8 38. Rf1+ Kg7 $14) 37. Rxb5 axb5 38. Re7 Nc5 $2 (38... Nb6 39. d6
(39. Be5 Nxd5 40. Rg7+ Kf8 41. Rxh7 Re8 $10) (39. Bh6 Nxd5 40. Rg7+ Kh8 41. Rd7
Nb4 $15) 39... Nd5 40. Re5 Nxf4+ 41. gxf4 Rd8 42. Rd5 c3 $10) 39. d6 $18 c3 (
39... Rd8 40. Be3 Nd7 41. Bd4 $18) 40. Rc7 1-0

[Event "Yerevan op"]
[Site "Yerevan"]
[Date "1996.??.??"]
[Round "6"]
[White "Petrosian, Arshak B"]
[Black "Tukmakov, Vladimir B"]
[Result "1/2-1/2"]
[WhiteElo "2465"]
[BlackElo "2595"]
[Annotator "Belov,I"]
[PlyCount "68"]
[EventDate "1996.??.??"]
[EventType "swiss"]
[EventRounds "11"]
[EventCountry "ARM"]
[SourceTitle "CBM 052 Extra"]
[Source "ChessBase"]
[SourceDate "1996.07.01"]
[SourceVersion "1"]
[SourceVersionDate "1996.07.01"]
[SourceQuality "1"]

1. Nf3 Nf6 2. g3 d5 3. Bg2 g6 4. d4 Bg7 5. O-O O-O 6. c4 dxc4 7. Na3 c3 8. bxc3
c5 9. e3 Nd5 (9... Nc6) 10. Bb2 Qa5 11. Qe2 Nb6 $5 {N} (11... Nc6 12. Rfc1 Bg4
13. h3 Bxf3 14. Bxf3 Nb6 (14... Rfd8 $6 15. Nc4 Qa4 16. Nd2 $16 {Akopian,
V-Kasparov,G/Ljubljana/1996/0,5/31/}) 15. Nc4 Qa4 16. Nd2 c4 17. Ne4 Nd7 18.
Qc2 Qa6 19. a4 $14 {Marin,M-Vlad,D/ROM/1995/}) 12. Rac1 (12. Rfc1 $142 Nc6 13.
Nd2 Na4 14. Nb3 $14) 12... Bg4 $1 (12... Nc6 13. Nd2 Na4 14. Nb3 Qb6 15. Rb1
cxd4 16. cxd4 Bf5 17. e4 Nxb2 18. exf5 Nxd4 19. Nxd4 Qxd4 $13 {Konopka,
M-Lagunov,A/GER/1992/0,5/30/}) 13. h3 Bxf3 14. Bxf3 Nc6 $10 15. Qb5 (15. Nc4
Qxa2) 15... Qxb5 16. Nxb5 Nc4 17. Rc2 Rac8 18. Be2 (18. dxc5 $6 N6e5 19. Be2
Rxc5 20. Nd4 Rfc8 $17 {Shabalov,A-Krasenkov,M/Gausdal/1991/0;1/64/}) 18... Nxb2
19. Rxb2 a6 (19... Rfd8 $5 20. Bf3 a6 21. Na3 b5 22. Nb1 e5 $15) 20. Na3 Na5 (
20... b5 $5 21. Nb1 Rfd8 $15) 21. Nb1 e5 (21... b5 22. a4 $132) 22. d5 e4 23.
Rb6 $1 c4 (23... Rfd8 24. c4 Be5 25. Nd2 f5 26. Nb3 Bc7 27. Re6 Nxb3 28. axb3
Rd6 29. Rxd6 Bxd6 $10) 24. Rd1 Rfd8 25. d6 {[#]} Rc5 (25... Bf8 26. Rd5 Nc6 27.
Rxb7 Bxd6 28. Nd2 $16) 26. f3 exf3 (26... f5 27. fxe4 fxe4 28. Nd2 $36) 27.
Bxf3 Bh6 28. Kf2 Re5 29. e4 Bf8 30. Kg2 Re6 (30... h5 $5 31. Rd4 Rd7 32. Nd2
Re6 33. Nxc4 Nxc4 34. Rxc4 Rexd6 35. Rxd6 Rxd6 $10) 31. Rd5 Nc6 32. Nd2 Ne5 33.
Rxb7 Rexd6 34. Be2 Rxd5 (34... Rxd5 35. exd5 Rxd5 36. Nxc4 Nd7 $10) 1/2-1/2

[Event "Ashkhabad-A"]
[Site "Ashkhabad"]
[Date "1996.??.??"]
[Round "4"]
[White "Kakageldyev, Amanmurad"]
[Black "Simonenko, Sergei"]
[Result "1-0"]
[WhiteElo "2475"]
[BlackElo "2415"]
[Annotator "Belov,I"]
[PlyCount "121"]
[EventDate "1996.??.??"]
[EventType "tourn"]
[EventRounds "13"]
[EventCountry "TKM"]
[EventCategory "9"]
[SourceTitle "CBM 053"]
[Source "ChessBase"]
[SourceDate "1996.08.01"]
[SourceVersion "1"]
[SourceVersionDate "1996.08.01"]
[SourceQuality "1"]

1. d4 {Hecht} Nf6 2. Nf3 g6 3. g3 Bg7 4. Bg2 O-O 5. O-O d5 6. c4 dxc4 7. Na3 c3
8. bxc3 c5 9. Qb3 Nc6 10. Rd1 cxd4 (10... Na5 11. Qb2 Bf5 (11... cxd4 12. cxd4
Be6 13. Bf4 Bd5 14. Rac1 Rc8 15. Rxc8 Qxc8 16. Rc1 Qd7 $10 {Kirov,N-Honfi,
Karoly/Budapest op/1987/}) (11... Be6 12. Ng5 Bd7 13. Bf4 h6 14. Ne4 Nxe4 15.
Bxe4 g5 16. Bc1 Ba4 17. Rd3 cxd4 18. cxd4 Rc8 19. Bd2 b6 $10 {Timoshenko,
G-Chekhov,V/URS/1988/}) 12. Bd2 Qb6 13. Qxb6 axb6 14. Ne5 Rfd8 15. Be1 $14 {
Velikov,P-Miralles,G/Marseille/1990/}) 11. cxd4 Na5 (11... Qd5 12. Ne5 Qxb3 13.
axb3 Nxe5 14. dxe5 Nd7 15. f4 Nc5 16. b4 Nb3 17. Rb1 Be6 18. Be3 a5 19. b5 Rab8
20. b6 $16 {Georgiev,Ki-Van Mil,J/Wijk-B/1984/1:0/44/}) 12. Qb4 Nc6 13. Qe1 $1
Ne4 (13... Bf5 $5 14. Nc4 Be4 15. Bb2 Rc8 $10) 14. Bb2 Be6 (14... Qb6 15. Rab1
Bf5 16. Nh4 Bd7 17. d5 $16) 15. Nd2 $1 Nxd2 16. Qxd2 $14 Qb6 17. e3 Rac8 18.
Bc3 Qa6 19. Qb2 Na5 20. Rac1 b6 (20... Nc4 21. Nxc4 Bxc4 22. Bxb7 $18) 21. Qb5
$1 Bc4 (21... Qxb5 22. Nxb5 Bxa2 (22... a6 23. Na7 Rc7 24. Bxa5 Rxa7 25. Bxb6
$18) 23. Nxa7 Rc7 24. Nb5 Rcc8 25. Bb4 Bf6 $16) 22. Qxa6 Bxa6 23. Bb4 Bf6 24.
Bh3 Rxc1 25. Rxc1 Rd8 26. Rc7 e5 $1 27. Rxa7 (27. dxe5 $2 Bxe5 28. Rxa7 Rd1+
29. Kg2 Bf1+ $17) 27... Be2 28. Bxa5 (28. dxe5 Rd1+ 29. Kg2 Bxe5 30. Bxa5 (30.
Bc8 Nc6 31. Ra4 Nxb4 32. Rxb4 Bd6 33. Ra4 Rd2 $10) 30... bxa5 31. Rxa5 Bc3 32.
Ra8+ Kg7 33. Nb5 Bf6 34. Bc8 $16) 28... bxa5 29. Bf1 $1 (29. Rxa5 exd4 30. exd4
Rxd4 31. f4 Rd2 $40) 29... Bxf1 30. Kxf1 exd4 31. exd4 Rxd4 32. Rxa5 Rd2 33.
Nc4 Rc2 34. Ne3 Rb2 35. Kg2 Bd4 36. Kf3 Kg7 37. h4 Bc3 (37... h5 $142) 38. Rc5
Bd4 39. Rc2 Rb4 $2 (39... Rb1 $16) 40. Rc4 Rxc4 41. Nxc4 {HechT: [#]
entfernter w a-Freibauer bindet sK === Einbruch und Gewinn am K-Flügel} f5 $6 (
41... h5 42. a4 Kf6 43. a5 Ke6 $16) 42. a4 Kf6 43. a5 Ke6 44. a6 Kd5 45. Ne3+
Kc6 46. Kf4 Kb6 (46... Bf6 47. Nd5 $1 Bd8 (47... Kxd5 48. a7 $18) 48. Ke5 $18)
47. Kg5 Bg7 (47... Kxa6 48. Kh6 Kb5 49. Kxh7 Kc5 50. Kxg6) 48. Nd5+ Kxa6 49.
Nf6 $18 Kb7 50. Nxh7 Bd4 51. f4 Bf2 52. Nf8 Bxg3 53. Nxg6 Kc7 54. h5 Bf2 55. h6
Bd4 56. h7 Bg7 57. h8=Q Bxh8 58. Nxh8 Kb6 59. Kxf5 Ka5 60. Ke4 Ka4 61. f5 1-0